MDQL
is popping MORE tags! Check the
thread
!
Quizzes
Events
Quiz Creation
Community
Videos
Private Events
Remove Ads
Sign In
Join for FREE
Feedback
Dark Mode
Quiz Categories
Sports
Geography
Music
Movies
Television
Just For Fun
Miscellaneous
History
Literature
Language
Science
Gaming
Entertainment
Religion
Holiday
For Kids
Quiz Lab
Recent
Popular Today
Quiz Kudos Today
Editor Picks
Curator Picks
Quizzes by...
Day
Popularity
Type
Ratings
Length
Year
Community
Subscriptions
Recent Discussions
Orange Saloon
Badges
Playlists
Quests
Create
Leaderboards
Showdown
Live 5
Trivia Bingo
Activity
Puzzle Library
Sporcle Events
Private Events
Virtual Trivia
Globe League
Become a Host
Pub Owners
SporcleCon
Opinionation
Our Games
Videos
Blog
Mobile Apps
Partnerships
Remove Ads and Go Orange
Feedback
Sports
Athletes
MLB
NBA
NHL
NFL
Soccer
Sports Teams
WWE
NCAA
Football
Premier League
Basketball
Baseball
Hockey
Golf
Tennis
Cricket
Rugby
Auto Racing
Olympics
World Cup
Sports
Athletes
MLB
NBA
NHL
NFL
Soccer
Sports Teams
WWE
NCAA
Football
Premier League
Basketball
Baseball
Hockey
Golf
Tennis
Cricket
Rugby
Auto Racing
Olympics
World Cup
Random Quiz
Search Sporcle
×
Quiz Lab
Quiz Lab
Sports
Blackburn Rovers
Type in answers that appear in a list
Type in answers that appear in a list
Classic
Best Score? Go Orange.
Club Quiz: Blackburn Rovers Stats
Can you name the facts about Blackburn Rovers FC?
By
bumbles
5m
20 Questions
534 Plays
534 Plays
534 Plays
Comments
Comments
Give Quiz Kudos
Give Quiz Kudos
-
- Ratings
hide this ad
More Info
Replay
Link that replays current quiz
Next Quiz
Link to next quiz in quiz playlist
You Got
0%
They Got
Avg Score
55%
Avg Friend Score
Upgrade to see
Score Distribution
Jump to the score distribution portion of the page
Score
0/20
Timer
05:00
0
Plays Today
Fact
Answer
% Correct
Stadium
Ewood Park
95.7%
Owner (Deceased 2000)*
Jack Walker
88%
Year of Foundation
1875
82.8%
Strikers in the 'S.A.S.'
Shearer And Sutton
77.3%
Fierce Rivals
Burnley
75.7%
Manager
Sam Allardyce
72.8%
Team Captain
Chris Samba
66.5%
Manager in 94/
95 Title Season
Kenny Dalglish
65.2%
Club Captain
Ryan Nelsen
64%
Kit Suppliers
Umbro
60.3%
Fact
Answer
% Correct
Record Sale
Roque Santa Cruz
59.9%
All-
Time Leading Scorer
Simon Garner
52.6%
Shirt Sponsors
Crown Paints
52.1%
Record Signing
Andrew Cole
51.1%
Year of First FA Cup Win
1884
43.8%
09/
10 Player of the Season
Steven N'Zonzi
32.6%
Assistant Manager
Neil McDonald
26.8%
All-
Time Most Appearances
Derek Fazackerley
20.4%
Last Competition Won
2007 Intertoto Cup
12.9%
First Competition Won
1882 Lancashire Senior Cup
9.2%
Quiz Playlist
Details
Report
Send in Message
Add To Playlist
More Info:
*Club presently owned by trustees of the deceased.
Classic:
Type in answers that appear in a list
Quiz Source
Last Updated: Feb 16, 2017
Quiz Scoreboard
CHALLENGE
Sign Up to Join the Scoreboard
Show All
Scores
Hide
Comments
May contain spoilers
Recently Published
Find the 'City' Movie
by crazypaving
Movies
60s
5x2 Blitz: Bands
by SL_Kpop136
Music
30s
Colored Red Africa Blitz
by spor1
Geography
30s
More to Explore
Quiz From the Vault
Featured Blog Post
14 Easter Pick-up Lines to Find Eggs With
hide this ad
You Might Also Like...
Tags
Blackburn Rovers
club
Rover
Today's Top Quizzes in Sports
Browse Sports
hide this ad
Today's Top Quizzes in Blackburn Rovers
Browse Blackburn Rovers
Top Contributed Quizzes in Sports
1
Les entraîneurs de l'OM et du PSG au 21e siècle
2
Les meilleurs buteurs des matchs entre le PSG et l’OM
3
Players with Multiple 50 Home Run Seasons
4
2022 World Cup Stars
5
Les joueurs passés par le PSG et l'OM
6
NBA Logic Puzzle 2.0
7
Criteria MLB: Left Handed Sluggers
8
MLB Players with Two .350 Batting Average Seasons
9
Top 10 NHL Goal Scorers of All Time
10
Who Hit More Homers?
Explore More
Trending Topics
Kpop
Harry Potter
Crossword
Anime
Disney
NBA
Marvel
Country
Pokémon
Puzzle
The Office
Song
Soccer
NFL
WWE
hide this ad
More By:
bumbles
Quiz
Plays
Rating
Category
Featured
Created
UK Postcode Areas
46,170
4.50
Geography
Mar 19, 2010
Countries bordering the Atlantic
4,272
3.27
Geography
Oct 21, 2010
Club Quiz: Manchester United
3,025
3.85
Sports
May 19, 2010
Club Quiz: Liverpool
1,739
5.00
Sports
May 20, 2010
Club Quiz: Chelsea
1,660
3.50
Sports
May 21, 2010
Go to Creator's Profile
Score Distribution
Quiz Creator Spotlight
bumbles
Follow
Send a Message
Quizzes Created
-
Created Quiz Play Count
-
More By This Creator
Popular Quizzes Today
1
Colored Red Africa Blitz
2
Find the 'City' Movie
3
Find the US States - No Outlines Minefield
4
5x2 Blitz: Bands
5
The Countries of the World
6
Find the US States
7
Find the Countries of Europe - No Outlines Minefield
8
US States
More Sports Quizzes
Picture Click: Patriots QBs
Quiz Lab
Trending Quizzes
Colored Red Europe Blitz I
Colored Red Africa Blitz II
Colored Red Europe Blitz II
Colored Red Africa Blitz III
Colored Red Europe Blitz III
Recently Updated
How Do You Spell That?
pecheneg
Godzilla Movies
pecheneg
Grab Bag: 4-10 Letters
pecheneg
2024 March Madness Bracket
pecheneg
Famous TV Couples
Peacemaker
Champions League XIs: Real Madrid
pecheneg
Largest US Cities 1790-2010
pecheneg
Rides in Walt Disney World
pecheneg
Most Oscar Losses (Acting)
pecheneg
Beyoncé Albums
pecheneg
Trending Topics
NBA
Kpop
Crossword
Anime
Disney
Marvel
Harry Potter
NFL
Pokémon
Song
The Office
Soccer
Country
WWE
Puzzle
Your Account Isn't Verified!
In order to create a playlist on Sporcle, you need to verify the email address you used during registration. Go to your
Sporcle Settings
to finish the process.
Report this User
Report this user for behavior that violates our
Community Guidelines
.
Details:
Send Report
Go to the Sporcle.com Mobile Site →
Comments